000 00714nam a2200253Ia 4500
999 _c54340
_d54340
001 21396
003 GE_BSU
005 20211108160007.0
008 181216s2015||||enk|||||||||||||| ||eng||
020 _a9781514158364
040 _cGE_BSU
041 _aeng
080 _a530.1 H-54
100 _aHendricks, Jared
_912859
245 _aQuantum physics :
_bBeginner's guide to the most amazing physics theories /
_cJared Hendricks.
264 _aUnited States :
_c2015.
300 _a82 pages ;
_c23 cm.
541 _h40 Gel.
653 _aQuantum physics
653 _aBeginner's guide to the most amazing physics theories
653 _aФизика
653 _aფიზიკა
942 _cBK
_2udc